| 000 | 01120nam0a22002531 4500 | ||
|---|---|---|---|
| 001 | rc\2803410 | ||
| 005 | 20250806210348.0 | ||
| 035 | _a(NLR Aleph) 006929408 | ||
| 090 |
_a34508 _c34508 |
||
| 100 | _a20110915d1944 u y0rusy50 ca | ||
| 101 | 0 | _arus | |
| 102 | _aRU | ||
| 105 | _ay z ||||| | ||
| 200 | 1 |
_aПримерный устав сельскохозяйственной артели _eПринят Вторым Всесоюзным съездом колхозников - ударников и утвержден Советом Народных Комиссаров СССР и Центральным Комитетом ВКП(б) 17-го февр. 1935 г. |
|
| 210 |
_aМосква _cСельхозгиз _d1944 _gОбразцовая тип. |
||
| 215 |
_a31 с. _d13 см. |
||
| 712 | 1 | 2 |
_aВсесоюзный съезд колхозников-ударников _d2 _f1935 _eМосква |
| 801 | 0 |
_aRU _bNLR _gpsbo |
|
| 801 | 1 |
_aRU _bELAR _2rusmarc |
|
| 852 |
_aNLR _jЭк50 Г-2/999 |
||
| 942 | _cBOOK | ||
| 945 | _aРоссийская национальная библиотека | ||
| 980 | _aNB | ||
| 980 | _aBV | ||